[Event "Bundesliga 9495"]
[Site "Germany"]
[Date "1994.??.??"]
[Round "?.1"]
[White "Hertneck, Gerald"]
[Black "Bologan, Viktor"]
[Result "1/2-1/2"]
[WhiteElo "2605"]
[BlackElo "2600"]
[Annotator "Bologan,V"]
[PlyCount "130"]
[EventDate "1994.10.08"]
[EventType "team-tourn"]
[EventRounds "15"]
[EventCountry "GER"]
[SourceTitle "CBM 045"]
[Source "ChessBase"]
[SourceDate "1995.04.01"]
[SourceVersion "1"]
[SourceVersionDate "1995.04.01"]
[SourceQuality "1"]
[WhiteTeam "Muenchen 36"]
[BlackTeam "Dresden"]
[WhiteTeamCountry "GER"]
[BlackTeamCountry "GER"]

1. d4 Nf6 2. c4 g6 3. Nc3 Bg7 4. e4 d6 5. Nf3 O-O 6. Be2 e5 7. dxe5 dxe5 8.
Qxd8 Rxd8 9. Bg5 Rf8 $5 10. Nd5 Nxd5 11. cxd5 c6 12. Bc4 b5 13. Bb3 Bb7 14. Rc1
a5 15. a3 a4 16. Ba2 Rc8 17. Be3 b4 18. axb4 a3 $1 {N} (18... Na6 19. dxc6 (19.
d6 $1 Nxb4 20. Bc4 a3 21. bxa3 Rxa3 22. Bc5 Nd3+ 23. Bxd3 Rxd3 24. O-O $14)
19... Rxc6 20. Rxc6 Bxc6 21. Bc4 Nxb4 22. Bc5 Bf8 23. Bxf8 Kxf8 24. Nxe5 Bxe4
$10 {Wegner,H-Shirov,A/Gausdal/1991/}) 19. bxa3 Rxa3 20. Bc4 (20. Bb1 cxd5 21.
Rxc8+ Bxc8 22. exd5 Rb3 23. O-O Rxb4 $10) 20... cxd5 21. exd5 (21. Bxd5 $2
Rxe3+ $3 22. Kd2 Rxc1 23. Rxc1 Rxf3 24. gxf3 Bh6+ $19) 21... e4 22. Nd2 Bb2 $1
23. Rd1 Bc3 24. Bc5 (24. Be2 Bxb4 25. Rb1 Bxd2+ 26. Bxd2 Bxd5 27. O-O $17)
24... Nd7 25. O-O Nxc5 26. bxc5 Rxc5 27. Nb1 Ra8 28. Nxc3 Rxc4 29. Rb1 Ba6 $15
30. Rfc1 Rac8 31. d6 $1 $8 (31. Ne2 Rxc1+ 32. Rxc1 Rxc1+ 33. Nxc1 Bc4 34. d6
Kf8 $19) 31... Kg7 $2 (31... Rd4 32. f3 exf3 33. gxf3 Rxd6 34. Ne4 Rdc6 35.
Rxc6 Rxc6 $17) 32. Na2 Rxc1+ 33. Rxc1 Kf6 34. Rd1 Ke5 35. d7 Rd8 36. f3 $1 $10
exf3 37. gxf3 Bb7 38. Nb4 Kf6 39. Kf2 Ke7 40. Nd5+ Bxd5 41. Rxd5 Rxd7 42. Ra5
Ke6 43. h4 Rd5 44. Ra6+ Ke7 45. Kg3 Kf8 46. Rb6 Kg7 47. Ra6 Kh6 48. Ra7 f5 49.
Rf7 Ra5 50. Kf4 Ra4+ 51. Kg3 Rb4 52. Kh3 Rb8 53. h5 Kxh5 54. Rxh7+ Kg5 55. Kg3
f4+ 56. Kf2 Rb2+ 57. Kf1 Kf6 58. Ra7 g5 59. Ra6+ Kf5 60. Rc6 Ra2 61. Rb6 Ke5
62. Rg6 Kd4 63. Rxg5 Ke3 64. Rb5 Rd2 65. Rb8 Kxf3 1/2-1/2

[Event "YUG-chT"]
[Site "Tivat"]
[Date "1995.??.??"]
[Round "9"]
[White "Zvjaginsev, Vadim"]
[Black "Beliavsky, Alexander G"]
[Result "0-1"]
[WhiteElo "2600"]
[BlackElo "2650"]
[Annotator "Chekhov,V"]
[PlyCount "100"]
[EventDate "1995.??.??"]
[EventType "team-swiss"]
[EventRounds "11"]
[EventCountry "YUG"]
[SourceTitle "CBM 048 Extra"]
[Source "ChessBase"]
[SourceDate "1995.11.01"]
[SourceVersion "1"]
[SourceVersionDate "1995.11.01"]
[SourceQuality "1"]

1. d4 Nf6 2. c4 g6 3. Nc3 Bg7 4. e4 d6 5. Be2 O-O 6. Nf3 e5 7. d5 a5 8. h3 $5
Nh5 (8... Na6 $5 9. Bg5 h6 (9... Nc5 10. Nd2 h6 11. Be3 Nh7 12. h4 $1 f5 13. h5
Qf6 14. Kf1 Ng5 15. hxg6 fxe4 16. Bxc5 dxc5 17. Ndxe4 Nxe4 18. Nxe4 Qxg6 19.
Bd3 Bf5 20. Qe2 b6 21. Rd1 $16 {Zvjaginsev,V-Galkin,A/Yurmala/1992/1|0/55/})
10. Be3 Nh5 11. Nd2 Nf4 12. Bf1 Nb4 13. Ndb1 f5 14. a3 $1 (14. g3 $6 Nh5 15.
exf5 Bxf5 16. Na3 Nf6 17. g4 Bd7 $132 {Zvjaginsev,V-Ionov,S/Moscow/1991/0,5/28/
}) 14... Nbd3+ 15. Bxd3 Nxg2+ 16. Ke2 f4 17. Bc1 f3+ 18. Kd2 Qh4 19. Qg1 Bxh3
20. Nd1 $1 $16 {Zvjaginsev,V-Loginov,/Loosdorf/1993/1|0/37/}) 9. Nd2 (9. g3 $6
f5 $1 10. exf5 gxf5 11. Bg5 Qe8 12. Nh4 Nf6 13. Qc2 Na6 14. O-O-O e4 15. Qd2
Nd7 16. Bh6 Bf6 $1 $132 {Zvjaginsev,V-Suchorukow,A/Moscow/1991/0,5/49/}) (9.
Ng1 $5 Nf6 (9... Nf4 10. Bf3 f5 11. g3) 10. Bg5 h6 11. Be3 Na6 12. Nf3 $14 {
Schlosser,P-Kassebaum,R/GER/1995/1|0/52/}) 9... Nf4 10. Bf1 Na6 11. g3 Nh5 12.
Nb3 c6 $5 {N} (12... f5 $6 13. exf5 Qe8 14. Be2 Nf6 15. g4 gxf5 16. g5 Ne4 17.
Nxe4 fxe4 18. Be3 Nb4 19. Nc1 $16 {Spassky,B-Helmers,K/Gjovik/1983/1|0/40/})
13. Be3 Bd7 14. a4 $6 (14. dxc6 Bxc6 15. Nd5 Nf6 16. Nd2 Nxd5 17. cxd5 Bd7 $15)
(14. Be2 Nf6 15. g4 cxd5 16. cxd5 b5 $1 17. g5 Nh5 18. Bxh5 gxh5 19. Qxh5 Rc8
$146) (14. Rc1 $5) 14... Nb4 15. Rc1 (15. Be2 $5 Nf6 (15... f5 $1 $13) 16. g4
$14) 15... Qe7 (15... Nf6 $6 16. g4 $1) 16. c5 (16. Be2 $5) 16... cxd5 17. cxd6
Qd8 (17... Qxd6 $2 18. Bc5 $18) 18. Nxd5 (18. exd5 f5 19. Be2 f4 20. gxf4 Nxf4
$36) 18... Nxd5 19. Qxd5 Nf6 20. Qd3 Bxa4 21. Nc5 (21. Be2 Nxe4 $1) 21... Bc6
22. Bg2 Qb8 (22... b6 $2 23. Ne6 fxe6 24. Rxc6 $18) 23. f4 (23. O-O Rd8 24.
Rfd1 Bf8 $17) 23... Nh5 $1 24. Bf3 Rd8 (24... Nxg3 $6 25. Rg1 Nh5 26. Bxh5 gxh5
27. fxe5 $18) 25. Bxh5 Rxd6 26. Qc4 (26. Qe2 gxh5 27. Qxh5 b6 28. Nb3 Bxe4 $19)
26... gxh5 27. O-O Qe8 $1 $17 28. fxe5 Rg6 (28... Bxe5 29. Rf5) 29. Rf5 Bxe5
30. g4 hxg4 31. h4 Rd8 32. h5 Rgd6 33. Qe2 Kh8 34. Qxg4 f6 35. Bf4 Qg8 36.
Qxg8+ Rxg8+ 37. Kf2 Bxf4 38. Rxf4 b6 $19 39. Nb3 Be8 (39... Re8 40. Ke3 f5 41.
Rxf5 Rxe4+ 42. Kf2 a4 $19) 40. Rc4 (40. Rh4 a4 41. Na1 Rd2+ $19) 40... Bxh5 41.
Nd4 Bg6 42. Nf3 Re8 43. Nh4 Kg8 44. Rc7 Rde6 45. Nxg6 hxg6 46. Kf3 R8e7 47.
Rc8+ Kg7 48. Rh4 Re8 49. Rc7+ R6e7 50. Rc6 g5 0-1

[Event "Linares 13th"]
[Site "Linares"]
[Date "1995.03.05"]
[Round "4"]
[White "Khalifman, Alexander"]
[Black "Topalov, Veselin"]
[Result "1/2-1/2"]
[WhiteElo "2635"]
[BlackElo "2630"]
[Annotator "Belov,I"]
[PlyCount "109"]
[EventDate "1995.03.01"]
[EventType "tourn"]
[EventRounds "13"]
[EventCountry "ESP"]
[EventCategory "17"]
[SourceTitle "CBM 046"]
[Source "ChessBase"]
[SourceDate "1995.06.01"]
[SourceVersion "1"]
[SourceVersionDate "1995.06.01"]
[SourceQuality "1"]

1. d4 Nf6 2. Nf3 g6 3. c4 Bg7 4. Nc3 O-O 5. e4 d6 6. Be2 e5 7. Be3 exd4 8. Nxd4
Re8 9. f3 Nc6 10. Qd2 (10. O-O Nh5 11. f4 (11. Qd2 Nf4) 11... Nf6 12. Bf3 Bg4
$1 13. Nxc6 (13. Bxg4 Nxg4 14. Qxg4 Nxd4 $10) 13... Bxf3 14. Qxf3 bxc6 15. Bd2
Qb8 16. b3 Qb6+ 17. Kh1 Nxe4 $1 18. Nxe4 Qd4 $1 19. Nxd6 (19. Rae1 d5 $15)
19... cxd6 $15 {Van der Sterren,P-Glek,I/BL/9495/0:1/37/}) 10... Nh5 11. Bg5
$146 (11. O-O Nf4 (11... Nxd4 12. Bxd4 Nf4 $5) 12. Nxc6 Nxe2+ 13. Nxe2 bxc6 14.
Bd4 Bxd4+ 15. Nxd4 c5 16. Nc2 Bb7 17. Ne3 h5 18. Rad1 a5 $10 {Sakaev,K-Belov,I/
Capelle la Grande op(06)/1995/0,5/26/}) 11... f6 (11... Bf6 12. Bxf6 Qxf6 13.
Ndb5 Qh4+ 14. Kd1 Qd8 (14... Ng3 15. Qe1 $18) 15. Nd5 $16) 12. Nxc6 (12. Be3 f5
13. Bg5 (13. exf5 $2 Rxe3 14. Nxc6 Rxe2+ $17) 13... Qd7 14. Nxc6 bxc6 $13)
12... bxc6 13. Bh6 (13. Be3 f5 14. O-O (14. Bg5 Bf6 $5) 14... Rb8 $132) 13...
Bxh6 14. Qxh6 Rb8 (14... f5 15. exf5 (15. O-O f4) 15... Bxf5 16. O-O Rb8 17. b3
Qf6 18. Qd2 Bd7 $10) 15. O-O-O (15. Qd2 $5) 15... Qe7 16. g4 Ng7 17. f4 Ne6 (
17... Bd7 18. f5 g5 19. h4 gxh4 (19... Qe5 20. hxg5 Qf4+ 21. Kc2 $18) 20. g5
Rf8 21. Rdg1 $36) 18. f5 Qf8 $1 19. Qe3 Nc5 20. Rhf1 gxf5 $1 (20... g5 21. h4
h6 22. hxg5 hxg5 23. Rh1 Re5 24. Rh5 Bd7 25. Rdh1 Qg7 26. Qh3 $18) 21. gxf5 Kh8
22. Rf3 Bd7 23. Qf4 Qe7 24. Rg1 (24. Re3 Qe5 25. Rf1 (25. Qh6 Bxf5) 25... Qxf4
26. Rxf4 Rg8 27. Rh4 Rg1+ 28. Kc2 Rbg8 29. Reh3 R8g7 $17) 24... Nxe4 25. Re3 d5
26. Nxe4 (26. cxd5 cxd5 27. Nxd5 $2 Qc5+ $19) 26... dxe4 27. Rg4 Qb4 (27... Qe5
28. Qxe5 Rxe5 29. Rexe4 Rbe8 30. Rxe5 Rxe5 31. Bd3 Bxf5 32. Bxf5 Rxf5 33. Rd4
$15) 28. Rb3 (28. b3 $2 Re5 29. Rxe4 (29. Qh6 Qe7 $17) 29... Qc3+ 30. Kd1 Bxf5
31. Rxe5 Rd8+ 32. Rd5 Bc2+ 33. Kc1 Bd3+ 34. Kd1 Qc2+ 35. Ke1 Qxe2#) 28... Qe1+
29. Bd1 e3 (29... Rxb3 30. axb3 (30. Qh6 $2 Rc3+ $19) 30... e3 31. Qd4 Qd2+ 32.
Qxd2 exd2+ 33. Kxd2 Bxf5 34. Rf4 Re5 $15) 30. Rd3 (30. Qd4 $5 Qd2+ 31. Qxd2
exd2+ 32. Kxd2 Bxf5 33. Rxb8 (33. Rf4 Rbd8+ 34. Kc1 Re1 35. Rxf5 Rexd1+ 36. Kc2
Kg7 $15) 33... Rxb8 34. Rf4 Rxb2+ 35. Kc3 Rb1 36. Bf3 Bg6 37. Rxf6 Rf1 $15)
30... Qb4 (30... e2 31. Rxd7 exd1=Q+ 32. Rxd1 Qe2 33. Rd2 $10) 31. Qd4 Re5 32.
Rb3 Qd2+ $8 33. Qxd2 exd2+ 34. Kxd2 Rxb3 35. axb3 Bxf5 36. Rd4 $132 Kg7 $15 37.
Bf3 c5 38. Rd8 Kh6 (38... Re7 $5 39. Ra8 (39. Rd5 Rd7 40. Kc3 Rxd5 41. cxd5 Kg6
$17) 39... Kh6 40. Rxa7 Kg5 $17) 39. Rf8 Kg5 40. Rf7 h5 41. Rg7+ Kh4 42. Rf7 $1
(42. Rxc7 Bg4 43. Bd5 f5 44. Rxc5 f4 45. Rc7 f3 $17) 42... Bg4 (42... Kg5 43.
Rg7+) 43. Bxg4 Kxg4 44. Rxf6 Kh3 45. Ra6 Kxh2 46. Rxa7 h4 47. Rxc7 Rg5 48. Kc2
(48. Kd3 Rg3+ 49. Ke4) 48... Rg2+ 49. Kd3 Rg3+ 50. Ke4 Rxb3 (50... h3 51. Rxc5
Kg2 52. Rh5 h2 53. Rxh2+ Kxh2 54. c5 $10) 51. Rxc5 Rxb2 52. Rh5 h3 53. c5 Kg3
54. Kd5 h2 55. Rh8 1/2-1/2

[Event "Linares 13th"]
[Site "Linares"]
[Date "1995.03.07"]
[Round "6"]
[White "Ivanchuk, Vassily"]
[Black "Topalov, Veselin"]
[Result "1-0"]
[WhiteElo "2700"]
[BlackElo "2630"]
[Annotator "Belov,I"]
[PlyCount "79"]
[EventDate "1995.03.01"]
[EventType "tourn"]
[EventRounds "13"]
[EventCountry "ESP"]
[EventCategory "17"]
[SourceTitle "CBM 046"]
[Source "ChessBase"]
[SourceDate "1995.06.01"]
[SourceVersion "1"]
[SourceVersionDate "1995.06.01"]
[SourceQuality "1"]

1. c4 Nf6 2. Nc3 g6 3. e4 d6 4. d4 Bg7 5. Nf3 O-O 6. Be2 e5 7. Be3 h6 8. O-O
Ng4 9. Bc1 Na6 $5 $146 (9... Nc6 10. d5 Ne7 11. Ne1 f5 (11... h5 12. f3 (12. h3
Nh6 13. f4 $5 f5 $6 14. fxe5 dxe5 15. Nf3 Nf7 16. c5 f4 17. Bc4 Kh8 18. b4 Ng8
19. d6 $16 {Mozetic,D-Ligterink,G/Tilburg/1993/1:0/40/}) 12... Nh6 13. Nd3 f5
14. f4 Nf7 15. fxe5 dxe5 16. b3 c6 17. Ba3 $14 {Shipov,S-Groszpeter,A/Passau/
1994/0,5/42/}) 12. Bxg4 fxg4 13. b4 g5 14. Nc2 a5 15. bxa5 Rxa5 16. a4 Ng6 17.
Ne3 h5 18. Ba3 Rf7 19. Bb4 Ra6 20. c5 dxc5 21. Bxc5 Bf8 $10 {Lalic,B-Nunn,J/
Isle of Man/1994/0,5/40/}) 10. Rb1 (10. h3 exd4 11. Nxd4 Nf6 12. Re1 Re8 13.
Bf1 Nc5 14. Qc2 Nfxe4 15. Nxe4 Bxd4 $10) 10... f5 11. dxe5 Nxe5 (11... dxe5 12.
h3 Nf6 13. Nxe5 Nxe4 14. Nxg6 $16) 12. Nxe5 dxe5 13. b4 $14 c6 14. b5 $5 (14.
c5 Nc7 15. Bc4+ Be6 16. Qb3 Qe7 17. Bb2 $14) 14... cxb5 (14... Nc5 15. Ba3 b6 (
15... Qe7 16. bxc6 bxc6 17. Na4 $18) 16. bxc6 $16) 15. Nxb5 (15. cxb5 $5 Nc5
16. Ba3 b6 17. Bc4+ Kh7 18. Bd5 $14) 15... Be6 16. Ba3 Qxd1 17. Rfxd1 Rfd8 $1
18. Rxd8+ Rxd8 19. Nxa7 Bf8 $1 20. Bxf8 Kxf8 $44 21. exf5 (21. Rxb7 $6 Rd2 22.
Kf1 (22. Bf1 Rd1) (22. Bf3 Nc5 23. Rb5 Nxe4 $36) 22... Nc5 23. Rc7 Nxe4 $15)
21... gxf5 22. Rb2 Nc5 23. f3 Na4 24. Rc2 (24. Rb4 Nc3 25. Bf1 Rd1 26. Kf2 Rd2+
$17) 24... f4 25. Kf1 Bf5 26. Rc1 Rd2 (26... Nc5 27. Nb5 (27. Ke1 Ra8 28. Nb5
Rxa2 $15) 27... Rd2 28. Nc3 Kf7 $44) 27. c5 $1 e4 (27... Rxa2 28. Nb5 Bd7 (
28... e4 29. Nd6 exf3 30. Bxf3 Bd3+ 31. Kg1 $16) 29. Nd6 Bc6 $10) 28. c6 bxc6
29. Nxc6 exf3 (29... e3 30. Rc4 $2 (30. Nb4 $13) 30... Rxa2 31. Rxf4 Ra1+ 32.
Bd1 Nc3 33. Rxf5+ Kg7 34. g3 Rxd1+ 35. Kg2 e2 $19) 30. Bxf3 Rxa2 31. Nd4 Bd7
32. Bc6 $14 Nb6 (32... Bxc6 33. Rxc6 Kf7 34. Ne2 $14) 33. Bxd7 Nxd7 34. Ne6+
Kf7 35. Nxf4 Ne5 36. h3 Ra4 37. Nd5 Ke6 38. Rd1 Ra3 39. Kf2 Nd3+ $4 (39... Kf5
$14) 40. Rxd3 (40. Rxd3 Rxd3 41. Nf4+ $18) 1-0

[Event "Novgorod"]
[Site "Novgorod"]
[Date "1995.05.27"]
[Round "1"]
[White "Gulko, Boris F"]
[Black "Kasparov, Garry"]
[Result "0-1"]
[WhiteElo "2595"]
[BlackElo "2805"]
[Annotator "Dolmatov,S"]
[PlyCount "88"]
[EventDate "1995.05.??"]
[EventType "tourn"]
[EventRounds "9"]
[EventCountry "RUS"]
[EventCategory "17"]
[SourceTitle "CBM 048"]
[Source "ChessBase"]
[SourceDate "1995.10.01"]
[SourceVersion "1"]
[SourceVersionDate "1995.10.01"]
[SourceQuality "1"]

1. c4 g6 2. e4 Bg7 3. d4 d6 4. Nc3 Nf6 5. Be2 O-O 6. Nf3 e5 7. d5 a5 8. Bg5 h6
9. Bh4 Na6 10. Nd2 Bd7 11. O-O Qe8 12. Kh1 (12. b3 Nh7 13. a3 f5 14. exf5 gxf5
15. Bh5 Qc8 16. Be7 Re8 17. Bxe8 Qxe8 18. Bh4 e4 $44 {Yusupov,A-Kasparov,G/
Barselona/1989/}) 12... Nh7 13. a3 (13. f3 h5 14. Nb3 b6 15. Nc1 Bh6 16. Nd3
Be3 17. Re1 Nc5 18. Bf1 $10 {Petrosian,T-Hort,V/Lugano/1968/}) 13... h5 (13...
a4 14. Nb5 Bxb5 15. cxb5 Nc5 $10) 14. f3 Bf6 $5 (14... Bh6 15. b3 Be3 16. Qc2
f5 17. exf5 gxf5 18. Bf2 $13 {Kramnik,V-Bologan,V/GER/1994/}) 15. Bxf6 (15. Bf2
Bg5 16. Rb1 a4 17. Nb5 Qd8 $15) 15... Nxf6 16. b3 Qe7 17. Qe1 Kg7 18. Qf2 $2 (
18. h4 $5 Ng8 19. g3 $132) 18... h4 $1 19. f4 (19. Qxh4 $2 Nxd5 $15) (19. Rab1
Nh5 20. b4 axb4 21. axb4 Qg5 22. Rfd1 Ng3+ 23. Kg1 f5 $40) 19... exf4 20. Qxf4
h3 21. gxh3 $2 (21. g3 $32 Rae8 22. Rae1 Bc8 $132) 21... Bxh3 22. Rf3 Rh8 $17
23. Re3 (23. Rg1 Rae8 24. Bf1 Bc8) 23... Rae8 24. Rg1 Qe5 25. Qxe5 Rxe5 26. Nf3
Reh5 27. Nd4 Rh4 28. Bf3 Nc5 29. Rg3 Bd7 30. Rg2 $19 Rh3 31. Rge2 Ng4 32. Bxg4
Bxg4 33. Rxh3 Rxh3 34. Rc2 Rd3 35. Ndb5 Bh3 36. Kg1 (36. Nxc7 Rf3 (36... Nxe4
$2 37. N7b5 Rf3 38. Rc1 Nd2) 37. Rc1 Nxb3 $19) 36... c6 37. b4 (37. Nxd6 Rf3
38. Rc1 Nxb3 $19) 37... axb4 38. axb4 cxb5 39. bxc5 b4 40. Ne2 Rf3 41. Ng3 dxc5
42. d6 Kf8 43. e5 Ke8 44. Re2 b3 0-1

[Event "Elenite"]
[Site "Elenite"]
[Date "1995.??.??"]
[Round "6"]
[White "Gulko, Boris F"]
[Black "Georgiev, Kiril"]
[Result "0-1"]
[WhiteElo "2620"]
[BlackElo "2605"]
[Annotator "Dolmatov,S"]
[PlyCount "114"]
[EventDate "1995.09.??"]
[EventType "tourn"]
[EventRounds "9"]
[EventCountry "BUL"]
[EventCategory "15"]
[SourceTitle "CBM 050"]
[Source "ChessBase"]
[SourceDate "1996.02.01"]
[SourceVersion "1"]
[SourceVersionDate "1996.02.01"]
[SourceQuality "1"]

1. c4 {Mowsziszian} Nf6 2. Nc3 g6 3. d4 Bg7 4. e4 d6 5. Be2 O-O 6. Nf3 e5 7. d5
a5 8. h3 Na6 (8... Nh5 9. g3 Na6 10. a3 Nc5 11. Be3 f5 12. exf5 gxf5 13. Rg1
Qe7 14. Nh4 Nf6 $15 {Zvjagincev,V-Pavlovic,Mi/JUG-chT/1995/}) 9. Bg5 h6 (9...
Qe8 $5 10. Nd2 Nd7 11. g4 Ndc5 12. Rg1 Kh8 $132) 10. Be3 Nc5 11. Nd2 Bd7 12.
Qc2 (12. g4 {Mowsziszian: Der sofortige Angriff am Königsflügel verspricht
Weiß nicht allzu viel. Schwarz kann sich am Königsflügel bwequem verteidigen
und erhält seinerseits am Damenflügel ausgezeichnete Möglichkeiten.} c6 13. h4
a4 14. g5 hxg5 15. Bxg5 (15. hxg5 Nh7 {><g5}) 15... Qa5 16. Qb1 {Verteidigt
den Bauern e4, denn nach f2-f3 wird es schwer, h4-h5 zu spielen und wenn} (16.
Qc2 cxd5 17. cxd5 Rfc8 {ist die Fessselung auf der c-Linie unangenehm .}) 16...
cxd5 17. cxd5 b5 18. a3 Rfb8 19. h5 b4 20. Nc4 Qc7 21. axb4 Rxb4 22. hxg6 fxg6
23. Bxf6 Bxf6 24. Qc1 Nb3 25. Qh6 Be8 $1 $17 {Mowsziszian: Dies ist ein
bekanntes Motiv: Das Läuferpaar verteidigt den König ausreichend.} 26. Rd1 Nd4
27. Bg4 Rxc4 28. Rxd4 exd4 29. Be6+ Bf7 30. Qxg6+ Bg7 31. Rh3 {die  ledtzte
Angriffidee, wenn} (31. Rh7 Bxe6 $19) 31... dxc3 32. Rf3 Rf8 33. Rh3 Bxe6 34.
dxe6 Rf6 35. Qe8+ Bf8 36. Rg3+ Kh7 37. Qh5+ Bh6 38. Qg4 Qg7 39. Qe2 Qxg3 $1 {
0-1 Chiburdanidze,M-Nunn,J/Linares ;CBM 06 1988}) 12... c6 (12... Ne8 13. g4 (
13. O-O f5) 13... c6 $132) 13. O-O Ne8 14. Rad1 (14. a3 $5 f5 (14... a4 15.
Bxc5 dxc5 16. Nxa4 Rxa4 17. Qxa4 cxd5 18. Qc2 dxe4 19. Nxe4 $14) (14... cxd5 $5
15. cxd5 a4 $132) 15. b4 (15. exf5 $6 gxf5 $13 (15... Bxf5 16. Nde4 Nxe4 17.
Nxe4 cxd5 18. cxd5 Rc8 19. Qa4 Qh4 $14)) 15... axb4 (15... f4 $6 16. Bxc5 dxc5
17. bxc5 $16) 16. axb4 Na6 $5 (16... Rxa1 17. Rxa1 Nxe4 18. Ndxe4 fxe4 19. Nxe4
cxd5 20. cxd5 $14) 17. dxc6 Nxb4 18. Rxa8 Qxa8 19. cxb7 Qxb7 20. Qb3 f4 $13)
14... f5 15. dxc6 Bxc6 (15... bxc6 $2 16. Bxc5 $1 (16. f4 $6 Ne6 $132) 16...
dxc5 17. Nb3 Qe7 18. Nxc5 $16) 16. exf5 gxf5 17. f4 exf4 18. Rxf4 (18. Bxf4 Ne6
19. Bh2 Qb6+ 20. Kh1 Nd4 21. Qc1 Nxe2 22. Nxe2 Qxb2 $17) 18... Qg5 $3 19. Nf3 (
19. Nd5 $6 Bxd5 20. cxd5 Bd4 $1 21. Bxd4 Qxf4 22. Nf3 $15) (19. Bf3 Bd4 $1 20.
Bxd4 Qxf4 21. Ne2 Qh4 $15) 19... Qe7 20. Qd2 (20. Bc1 Bxc3 $5 21. bxc3 Ba4 $15)
20... Ne6 21. Nd5 Bxd5 22. Qxd5 Nf6 23. Qxd6 Qxd6 24. Rxd6 Nxf4 25. Bxf4 $15
Rfe8 26. Kf1 (26. Bd3 Ne4 27. Rb6 Rad8 28. Bc2 Ng5 $40) 26... Nh5 (26... Ne4
27. Rd7 b6) 27. Bh2 (27. g3 Nxf4 28. gxf4 Re4 29. Rb6 Rae8 $17) 27... f4 28.
Nh4 Ng3+ 29. Bxg3 fxg3 30. Bf3 Rad8 31. Nf5 $6 (31. Rg6 $5 Rd2 32. Rxg3 Kf8 33.
Nf5 $132) 31... Rxd6 32. Nxd6 Re7 (32... Rd8 $6 33. Bd5+ Kf8 34. Nxb7) 33. Bxb7
Bxb2 34. Bd5+ Kf8 35. Nf5 Re5 36. Nxg3 Re3 37. Ne4 (37. Nf5 $5 Ra3 38. c5 $15)
37... Ke7 38. c5 Be5 39. Kf2 (39. c6 $17 {Mowsziszian}) 39... Bd4 40. Kf1 Bxc5
41. Nxc5 Re5 42. Bb3 Rxc5 43. g4 Rc3 44. Kg2 Kf6 45. h4 Ke5 46. g5 h5 (46...
hxg5 47. hxg5 Kf5 48. Kf2 Kxg5 49. Ke2 Kf4 50. Kd2 Rg3 51. Kc2 Ke4 52. Kb2 Kd4
$15) 47. Bd1 Ra3 48. Bxh5 (48. Bb3 a4 49. Bf7 Kf5 50. g6 Kf6 51. Kh2 Re3 $17)
48... Rxa2+ 49. Kf3 a4 50. Bf7 Rb2 51. Kg4 a3 52. Kh5 Kf5 53. Kh6 a2 54. Bxa2
Rxa2 55. Kg7 (55. g6 Rg2 56. h5 Kf6 57. Kh7 Rg3 58. Kh6 Rg5 59. g7 Rg4 $19)
55... Rg2 56. Kf7 Rg4 57. h5 Kxg5 0-1

[Event "Pamplona 9596 6th"]
[Site "Pamplona"]
[Date "1996.??.??"]
[Round "?"]
[White "Zvjaginsev, Vadim"]
[Black "Illescas Cordoba, Miguel"]
[Result "1/2-1/2"]
[WhiteElo "2600"]
[BlackElo "2620"]
[Annotator "Lutz,C"]
[PlyCount "106"]
[EventDate "1995.12.??"]
[EventType "tourn"]
[EventRounds "9"]
[EventCountry "ESP"]
[EventCategory "13"]
[SourceTitle "CBM 052"]
[Source "ChessBase"]
[SourceDate "1996.06.01"]
[SourceVersion "1"]
[SourceVersionDate "1996.06.01"]
[SourceQuality "1"]

1. d4 Nf6 2. c4 g6 3. Nc3 Bg7 4. e4 d6 5. Be2 O-O 6. Nf3 e5 7. d5 a5 8. Bg5 (8.
h3 Na6 9. Bg5 h6 10. Be3 Nc5 11. Nd2 {Ergibt die gleiche Stellung wie in der
Partie, jedoch mit zwei Zügen weniger. Normalerweise wird auch diese Zugfolge,
allerdings hat Schwarz dann noch andere Möglichkeiten, z. B. 10 ..Nh5.
Zvjaginsev hat die vorliegende Stellung bereits einige Male erprobt. Dabei hat
er mit gutem Erfolg ein Vorgehen am Königsflügel angewandt, mit dem Ziel,
Kontrolle über e4 und f5 zu bekommen.} Ne8 (11... Nh7 12. h4 f5 (12... Bd7 13.
h5 g5 14. Bxc5 dxc5 15. Bg4 Nf6 16. Bxd7 Qxd7 17. Nf1 Ne8 18. Ne3 Nd6 19. Qe2
f5 20. exf5 e4 21. g4 Bd4 22. O-O Rae8 $13 {Zvjaginsev,V-Almasi,Z/EU-chJM U16
Rimavska Sobota 1992 ;EXT 92ch 1992}) 13. h5 Qf6 14. Kf1 Ng5 15. hxg6 fxe4 16.
Bxc5 dxc5 17. Ndxe4 Nxe4 18. Nxe4 Qxg6 19. Bd3 Bf5 20. Qe2 b6 21. Rd1 Rad8 22.
f3 $14 {Zvjaginsev,V-Galkin,A/URS-chJ Jurmala ;EXP 28 1992}) 12. h4 (12. g4 f5
13. exf5 gxf5 14. Rg1 Ne6 $13 {Zvjaginsev,V-Sepp,O/Rostov op ;CBM 36 1993})
12... f5 13. h5 g5 14. exf5 Bxf5 15. Bxc5 dxc5 16. Nde4 Nd6 17. Bd3 Bxe4 18.
Nxe4 Rf4 19. Qe2 Nxe4 20. Bxe4 Qd7 21. g3 Rf7 22. O-O $16 {Zvjaginsev,
V-Buddensiek,U/Moscow7 op ;TD 91\03 1991}) 8... h6 9. Be3 (9. Bh4) 9... Ng4 10.
Bc1 Na6 {Danach erhält Weiß die Stellung, die er haben will.} (10... f5 $5 {
verdient Beachtung.} 11. h3 Nf6 (11... Nxf2 $2 12. Kxf2 fxe4 13. Nxe4 Qh4+ 14.
Ke3 {funktioniert nicht.}) 12. Nh4 Qe8 13. exf5 gxf5 14. f4 $5) 11. h3 Nf6 12.
Be3 Nc5 (12... Bd7 {Siehe Zvjaginsev,V-Shulman,Y/Pamplona 9596 (06)}) 13. Nd2
Bd7 {Zu Alternativen siehe die Anmerkungen zu 8.h3.} 14. O-O (14. g4 c6 $5)
14... Nh7 15. Nb3 b6 16. Qd2 Qh4 17. f4 {Diese Idee gefällt mir überhaupt
nicht. Schwarz hat keine Probleme mehr.} exf4 18. Rxf4 Qe7 19. Bd4 Bxd4+ 20.
Qxd4 Qg5 21. Rf3 Rae8 22. Raf1 Qe5 23. Qxe5 Rxe5 24. Nxc5 bxc5 25. Bd3 Re7 26.
a4 Rb8 27. Nb5 Be8 28. Bc2 Nf8 29. R3f2 Rb7 30. b3 Nd7 31. Nc3 Ne5 32. Nb1 Rb8
33. Nd2 g5 34. Rd1 Kg7 35. Nf1 f6 36. g4 Bg6 37. Ng3 Rh8 38. Rdd2 Nd7 39. Rh2
Re5 40. Rdg2 Kf7 41. h4 gxh4 42. Nf5 Ree8 43. Rxh4 Bxf5 44. gxf5 Reg8 45. Rxg8
Kxg8 46. Bd1 Kh7 47. Rg4 Ne5 48. Rg3 Rg8 49. Rxg8 Kxg8 50. Kf2 Kg7 51. Be2 Nf7
52. Kg3 Ng5 53. Kf4 Nf7 1/2-1/2